Представление документа в формате RUSMARC

ПолеНазваниеЗначение
  Тип записи a
  Библиографический уровень a
001 Контрольный номер RU/CBS_UL/BASE/558449234
005 Дата корректировки 20240209175216.0
100 Данные общей обработки __
a Данные общей обработки 20170911d2017 ||| 0rusy0189 ca
101 Язык документа 0_
a Язык текста rus
102 Страна публикации __
a Страна публикации RU
105 Кодированные данные (монография) __
a Кодированные данные (монография) y###||||000|y
200 Заглавие и сведения об ответственности 1_
a Заглавие Нежная Мадонна
b Общее обозначение материала Текст
e Сведения, относящиеся к заглавию [история картины "Мадонна с младенцем и двумя ангелами" Ф. Липпи]
f Первые сведения об ответственности В. Мазур
300 Общие примечания __
a Общие примечания Ограничения по возрасту - 16+
461 Уровень набора _0
1 2000
a Кудесница
463 Уровень физической единицы _0
1 001RU/CBS_UL/BASE/558192484
1 2000
a № 7
v С. 30-31
1 210
d 2017
600 Персоналии _0
a Персоналии (Фамилия) Липпи
b Персоналии (Имя, инициалы) Ф.
606 Тематические рубрики 0_
a Основная рубрика Живопись итальянская - 15 в.
610 Ключевые слова 0_
a Ключевые слова Мадонны
a Ключевые слова художники итальянские
a Ключевые слова раннее Возрождение
686 Индексы других классификаций __
a Классификационный индекс 85.143(3)
2 Код системы ББК
700 Автор _1
a Фамилия Мазур
b Имя (инициалы) В.
801 Источник записи _0
a Страна RU
b Организация МБУК ЦБС г. Ульяновска
c Дата составления 20170911
g Правила каталогизации RCR
801 Источник записи _1
a Страна RU
b Организация МБУК ЦБС г. Ульяновска
c Дата составления 20170911
g Правила каталогизации RCR
901 Тип документа __
t Тип документа b
w Контрольный № источника RU/CBS_UL/BASE/558192484
910 Корректоры записи __
a Корректор записи Ильина
938 Служебная информация __
a Имя БД period